000 00552nam a2200241Ia 4500
005 20260123164126.0
008 008 260114s9999 xx 000 0 eng d
020 _a9789354432286
037 _aEBOOK
040 _aCRL
040 _beng
040 _cCRL
041 _2eng
041 _aeng
084 _qCRL
100 _aKutty
_91106214
245 0 _aManaging life insurance
260 _bPHI
856 _uhttps://elibrary.phindia.com/ebooks/reader/9789354432286
942 _cEBOOK
999 _c1671337
_d1671337